Supuestos ontólogicos, epistemológicos y éticos que subyacen a la diciplina contabilidad y ubicación de la misma dentro de la tecnofilasofía (Registro nro. 27444)
[ vista simple ]
| 000 -LEADER | |
|---|---|
| fixed length control field | 00488 a2200109 4500 |
| 001 - CONTROL NUMBER | |
| control field | ART_15658 |
| 005 - DATE AND TIME OF LATEST TRANSACTION | |
| control field | 20260410161918.0 |
| 008 - FIXED-LENGTH DATA ELEMENTS--GENERAL INFORMATION | |
| fixed length control field | 260409a |
| 100 1# - MAIN ENTRY--PERSONAL NAME | |
| Personal name | Piacquadío, Cecilia |
| 245 10 - TITLE STATEMENT | |
| Title | Supuestos ontólogicos, epistemológicos y éticos que subyacen a la diciplina contabilidad y ubicación de la misma dentro de la tecnofilasofía |
| 773 0# - HOST ITEM ENTRY | |
| Title | Documentos de trabajo de contabilidad, auditoría y responsabilidad social |
| Related parts | - Año 1, Nº 2 (dic. 2011) |
| Record control number | REV14385 |
No hay ítems disponibles.